00709nam a2200241 a 4500001001300000003000900013005001700022008004100039020001000080082001600090100002900106245003900135260003300174300000900207500003500216505001200251650001600263700002900279902000800308942000700316952012900323999001500452nice12345678IN_TiNIC20260116012917.0050524s1986 dela grp 000 0 eng  ac17500a340.59bAHA aAhangar, M Altaf Hussain aCustomary Succession Among Muslims aDelhibUppal Pub.Housec1986 a255p aincludes index and biblioraphy2 aIndexes aIslamic-Law1 aAhangar, M Altaf Hussain bSRS cBK 001040708StackRoom-aHMIbHMId2007-05-01g175.00l2o340.59 AHAp012608r2022-08-08s2022-07-29v175.00w2005-05-24yBK c8857d8857